Psychology for teachers
Αποθηκεύτηκε σε:
| Κύριος συγγραφέας: | |
|---|---|
| Μορφή: | Βιβλίο |
| Γλώσσα: | English |
| Δημοσίευση: |
London :
MacMillan,
1995
|
| Έκδοση: | 3rd ed. |
| Θέματα: | |
| Ετικέτες: |
Προσθήκη ετικέτας
Δεν υπάρχουν, Καταχωρήστε ετικέτα πρώτοι!
|
MARC
| LEADER | 00000nam a2200000 i 4500 | ||
|---|---|---|---|
| 001 | 1/89184 | ||
| 008 | 970606s1995 eng d | ||
| 020 | |a 0-333-64066-7 | ||
| 035 | |a 1995 |b 3 |c Πολεμικός |l 10035687 | ||
| 040 | |a GR-MY-UA |b gre |e aacr | ||
| 041 | 0 | |a eng | |
| 082 | 0 | |a 370.15 | |
| 100 | 1 | |a Fontana, David. | |
| 245 | 1 | 0 | |a Psychology for teachers / |c David Fontana |
| 250 | |a 3rd ed. | ||
| 260 | |a London : |b MacMillan, |c 1995 | ||
| 300 | |a 406 p. | ||
| 650 | 0 | 0 | |a Educational psychology. |
| 650 | 0 | 0 | |a Personal construct theory. |
| 650 | 0 | 0 | |a Elementary school teachers |x Psychology. |
| 852 | |a INST |b RHODES |e 19970606 |h 370.15 FON |p 005400011542 |q 005400011542 |t BK |y 0 | ||
| 909 | |a Ρ |b 044893 |c 1995 | ||